| 000 | 04941cam a22019214 4500 | ||
|---|---|---|---|
| 003 | PE-LiUPU | ||
| 005 | 20250813165900.0 | ||
| 008 | 1996 sp i | ||
| 020 | _a8420008079 | ||
| 020 | _a9788420008073 | ||
| 035 | _a(Sirsi) i9788420008073 | ||
| 035 | _a(Sirsi) 47957 | ||
| 035 | _a(Sirsi) 47957 | ||
| 040 |
_dPE-LiUPU _erda |
||
| 041 | _aes | ||
| 044 | _aes | ||
| 082 | 0 | 4 |
_a616.975 _bL51 |
| 082 | 0 | 4 |
_a664.6 _bL51 1996 _221 |
| 100 | 1 |
_aLessof, Maurice H., _eautor. |
|
| 245 |
_aAlergia e intolerancia a los alimentos / _cMaurice H. Lessof ; traducido por Ma. del Carmen Aragón Robles. |
||
| 264 | 1 |
_aZaragoza : _bAcribia, _c1996. |
|
| 300 |
_a218 páginas : _bilustraciones ; _c24 centímetros. |
||
| 500 | _aTraducción de: Food intolerance | ||
| 504 | _aIncluye bibliografía. | ||
| 505 | 0 | _aLa nutrición en el mundo moderno -- Intolerancia a los alimentos y actitudes frente a ellos -- Los alimentos y la medicina alternativa -- Fisiología de la digestión -- Mecanismos de intolerancia a los alimentos -- Manifestaciones clínicas -- Aditivos alimentarios -- La leche de vaca y algunas alternativas -- Sensibilidad al gluten y enfermedad celíaca -- El dilema del paciente. | |
| 526 | _aP203 | ||
| 526 | _aP200 | ||
| 526 | _aSEG65 | ||
| 526 | _aSEG64 | ||
| 526 | _aSEG63 | ||
| 526 | _aSEG62 | ||
| 526 | _aSEG61 | ||
| 526 | _aSEG60 | ||
| 526 | _aSEG59 | ||
| 526 | _aSEG58 | ||
| 526 | _aSEG57 | ||
| 526 | _aSEG56 | ||
| 526 | _aSEG55 | ||
| 526 | _aSEG54 | ||
| 526 | _aSEG53 | ||
| 526 | _aSEG52 | ||
| 526 | _aSEG51 | ||
| 526 | _aSEG50 | ||
| 526 | _aSEG49 | ||
| 526 | _aSEG48 | ||
| 526 | _aSEG47 | ||
| 526 | _aSEG46 | ||
| 526 | _aSEG24 | ||
| 526 | _aSEG23 | ||
| 526 | _aSEG22 | ||
| 526 | _aSEG21 | ||
| 526 | _aSEG20 | ||
| 526 | _aSEG19 | ||
| 526 | _aSEG18 | ||
| 526 | _aSEG17 | ||
| 526 | _aSEG16 | ||
| 526 | _aSEG14 | ||
| 526 | _aSEG13 | ||
| 526 | _aSEG12 | ||
| 526 | _aSEG11 | ||
| 526 | _aSEG10 | ||
| 526 | _aSEG09 | ||
| 526 | _aSEG06 | ||
| 526 | _aSEG05 | ||
| 526 | _aSEG04 | ||
| 526 | _aSEG03 | ||
| 526 | _aSEG02 | ||
| 526 | _aSEG68 | ||
| 526 | _aSEG66 | ||
| 526 | _aSEG45 | ||
| 526 | _aSEG25 | ||
| 526 | _aSEG01 | ||
| 526 | _aP163 | ||
| 526 | _aP162 | ||
| 526 | _aP161 | ||
| 526 | _aP160 | ||
| 526 | _aP159 | ||
| 526 | _aP158 | ||
| 526 | _aP157 | ||
| 526 | _aP156 | ||
| 526 | _aP155 | ||
| 526 | _aP154 | ||
| 526 | _aP153 | ||
| 526 | _aP152 | ||
| 526 | _aP151 | ||
| 526 | _aP150 | ||
| 526 | _aP149 | ||
| 526 | _aP142 | ||
| 526 | _aP141 | ||
| 526 | _aP140 | ||
| 526 | _aP139 | ||
| 526 | _aP138 | ||
| 526 | _aP137 | ||
| 526 | _aP132 | ||
| 526 | _aP131 | ||
| 526 | _aP130 | ||
| 526 | _aP126 | ||
| 526 | _aP125 | ||
| 526 | _aP124 | ||
| 526 | _aP123 | ||
| 526 | _aP115 | ||
| 526 | _aP122 | ||
| 526 | _aP121 | ||
| 526 | _aP116 | ||
| 526 | _a P114 | ||
| 526 | _aP112 | ||
| 526 | _aP111 | ||
| 526 | _aP104 | ||
| 526 | _aP103 | ||
| 526 | _aP102 | ||
| 526 | _aP101 | ||
| 526 | _aP100 | ||
| 526 | _aP96 | ||
| 526 | _aP95 | ||
| 526 | _aP93 | ||
| 526 | _aP92 | ||
| 526 | _aP91 | ||
| 526 | _aP88 | ||
| 526 | _aP83 | ||
| 526 | _aP82 | ||
| 526 | _aP79 | ||
| 526 | _aP78 | ||
| 526 | _aP75 | ||
| 526 | _aP74 | ||
| 526 | _aP71 | ||
| 526 | _aP69 | ||
| 526 | _a P51 | ||
| 526 | _aP49 | ||
| 526 | _aP48 | ||
| 526 | _aP47 | ||
| 526 | _aP33 | ||
| 526 | _aP31 | ||
| 526 | _a P30 | ||
| 526 | _aP29 | ||
| 526 | _aP27 | ||
| 526 | _aP26 | ||
| 526 | _aP25 | ||
| 526 | _aP24 | ||
| 526 | _a P22 | ||
| 526 | _aP10 | ||
| 526 | _aP09 | ||
| 526 | _a P08 | ||
| 526 | _aP06 | ||
| 526 | _aP05 | ||
| 526 | _aP04 | ||
| 526 | _aP01 | ||
| 650 | 1 | 4 | _aAlergia a los alimentos. |
| 650 | 1 | 4 |
_aNutrición. _9394 |
| 650 | 1 | 4 |
_aDigestión _xFisiología. |
| 650 | 1 | 4 | _aAditivos para alimentos. |
| 700 | 1 |
_aAragón Robles, Ma. del Carmen _etraductora. |
|
| 910 |
_atqv _crmch _d20170720 |
||
| 942 |
_2ddc _cBOOK |
||
| 949 |
_a616.975 L51 _i65802 _lCCODEBUL1 _mBUL _tLIBRO _o.STAFF. Colección General |
||
| 949 |
_a664.6 L51 1996 _wDEWEY _c1 _iFJ08126 _lCCODEBUJ1 _mBUJ _p57.00 _r0 _sY _tBOOK _u2017-7-20 _xINGENIERIA _PP26 _0COMPRA _o.STAFF. Colección General Juliaca |
||
| 859 |
_q65802 _h616.975 _iL51 |
||
| 910 |
_agl _b _cjck _d20121130 |
||
| 596 | _a1 3 | ||
| 999 |
_a616.975 L51 _wDEWEY _c54205 _i65802 _d54205 _e2019-4-11 _f2021-11-4 _g5 _lCCODEBUL1 _mBUL _n7 _p57.00 _q3 _r0 _sY _tBOOK _u2015-7-6 _xSALUD _PP26 _0COMPRA _o.STAFF. Colección General |
||
| 999 |
_a664.6 L51 1996 _wDEWEY _c1 _iFJ08126 _d2018-8-20 _e2018-8-16 _f2022-2-1 _g4 _lCCODEBUJ1 _mBUJ _n1 _p57.00 _q1 _r0 _sY _tBOOK _u2017-7-20 _xINGENIERIA _PP26 _0COMPRA _o.STAFF. Colección General Juliaca |
||
| 980 |
_81 _gALBERTO SANCHEZ Responsable de Automatización |
||